000
00300nam a2200121Ia 4500
008
190216s9999||||xx |||||||||||||| ||und||
100
_a
Sharma
245
0
_a
Build Yourown Digital Clocks
260
_b
Business Promotion Bureau
_c
1981
300
_a
40p
650
_a
General Collections
942
_c
REF
999
_c
35524
_d
35524